000 01383cab a2200217 4500
001 L130686
008 050824n2005 000 0 eng u
035 _a(Sirsi) u130686
041 _aeng
100 _aColby, Allyson
245 _aOpen to security
260 _c2005
490 _aEstates Gazette
_v(0533) 20 August 2005, 65(1)
520 _aDiscusses the impact of the Freedom of Information Act 2000 (FOIA) on Land Registry practice and specifically, the treatment of exempt information documents (EIDs). The protective regime, whereby transitional provisions documents lodged at the Registry prior to 13 October 2003 have been kept off register unless edited and designated as EIDS, ends on 13 October 2005. Advises that designation as an EID should be used sparingly. FOIA has ensured that applicants to the Registry can now conduct searches to ascertain what property interests companies and other non-individuals own although disclosure conditions in respect of title information relating to private individuals remains unaffected.
590 _aIKA300805
650 _aDATA PROTECTION ACT 1998
650 _aFREEDOM OF INFORMATION ACT 2000
690 _aPROPERTY-PROPERTY ACQUISITION AND DISPOSAL-REGISTRATION OF TITLE TO PROPERTY
856 _uhttps://www.opsi.gov.uk/acts/acts2000/20000036.htm
_zView the Act free of charge at www.opsi.gov.uk...
942 _n0
999 _c75773
_d75773